| 000 | 00541cam a22001691 4500 | ||
|---|---|---|---|
| 082 |
_a421.5 _bVAL _cL-29, 106,p |
||
| 100 | 1 |
_aVallings, G.H. _938853 |
|
| 245 | 1 | 2 |
_aGood English how to write it. _cVallings, G.H. |
| 260 |
_aLondon, _bPan Book limited. _c1965.: |
||
| 300 |
_axii p., 1 l., 256 p. _c21 cm. |
||
| 490 | 0 | _aRapid guides to good English | |
| 526 |
_a0 _b0 _c0 _d421_500000000000000_VAL |
||
| 526 |
_a0 _b0 _c0 _d421_500000000000000_VAL |
||
| 650 | 0 |
_aEnglish language _xPronunciation. _938854 |
|
| 650 | 0 |
_aMCE _9379 |
|
| 942 |
_2ddc _cBK |
||
| 999 |
_c543479 _d543479 |
||